Ngôn ngữ marketing bán hàng trực tuyến trên mạng internet

Đặc điểm của ngôn ngữ marketing bán hàng trực tuyến trên mạng Internet để những người làm nội dung cho các website thương mại điện tử dễ dàng nắm được những công cụ ngôn ngữ và đạt được những hiệu quả khi áp dụng vào thực tế, thu hút nhiều khách hàng và kinh doanh tốt hơn. Bên cạnh đó, thông qua đề...

সম্পূর্ণ বিবরণ

সংরক্ষণ করুন:
গ্রন্থ-পঞ্জীর বিবরন
প্রধান লেখক: Nguyễn Phan Quỳnh Trang
অন্যান্য লেখক: Nguyễn Ngọc Chinh PGS.TS. (Hướng dẫn)
বিন্যাস: গ্রন্থ
ভাষা:Vietnamese
প্রকাশিত: Đà Nẵng Đại học Đà Nẵng 2015
বিষয়গুলি:
ট্যাগগুলো: ট্যাগ যুক্ত করুন
কোনো ট্যাগ নেই, প্রথমজন হিসাবে ট্যাগ করুন!
Thư viện lưu trữ: Mạng thư viện Đại học Đà Nẵng
LEADER 02118nam a2200361 4500
001 000023371
003 19822
005 20151203091252.0
008 151117s2015 viesd
041 |a vie 
082 1 4 |a 808.066658872  |b NG-T 
100 1 |a Nguyễn Phan Quỳnh Trang 
245 1 |a Ngôn ngữ marketing bán hàng trực tuyến trên mạng internet  |c Nguyễn Phan Quỳnh Trang ; Nguyễn Ngọc Chinh hướng dẫn.  |k Luận văn Thạc sĩ 
260 |a Đà Nẵng  |b Đại học Đà Nẵng  |c 2015 
300 |a 86 tr., phụ lục 5 tr.  |c 29 cm.  |e Tóm tắt 
500 |a Luận văn thạc sĩ Khoa học xã hội và nhân văn. Chuyên ngành: Ngôn ngữ học. Mã số: 60.22.02.40 
520 3 |a Đặc điểm của ngôn ngữ marketing bán hàng trực tuyến trên mạng Internet để những người làm nội dung cho các website thương mại điện tử dễ dàng nắm được những công cụ ngôn ngữ và đạt được những hiệu quả khi áp dụng vào thực tế, thu hút nhiều khách hàng và kinh doanh tốt hơn. Bên cạnh đó, thông qua đề tài này phần nào làm nổi bật được những nét riêng, ưu điểm và khuyết điểm vốn có trước nay của ngôn ngữ marketing thương mại điện tử tại thị trường Việt Nam. 
650 0 4 |a Ngôn ngữ marketing  |v Luận văn tốt nghiệp  |x Bán hàng trực tuyến 
653 |a Ngôn ngữ marketing 
653 |a Ngôn ngữ học 
653 |a Bán hàng trực tuyến 
653 |a Internet 
700 1 |a Nguyễn Ngọc Chinh  |c PGS.TS.  |e Hướng dẫn 
OWN |a LSP 
AVA |a UDN50  |b LSP  |d 808.066658872 NG-T  |e available  |t Error 5001 Not defined in file expand_doc_bib_avail.  |f 1  |g 0  |h N  |i 0  |k 1 
999 |a From the UDN01 
AVA |a UDN50  |b LSP  |d 808.066658872 NG-T  |e available  |t Error 5001 Not defined in file expand_doc_bib_avail.  |f 1  |g 0  |h N  |i 0  |k 1 
TYP |a Monograph 
TYP |a Printed language 
980 |a Mạng thư viện Đại học Đà Nẵng